The College Dropout Songs (Kanye West) - Statistics

General Stats
  • This quiz has been taken 33 times
  • The average score is 17 of 21
Answer Stats
Type Featuring Answer % Correct
Song N/A Through the Wire
97%
Song GLC, Consequence Spaceship
93%
Song Mos Def, Freeway, the Boys Choir of Harlem Two Words
93%
Song Syleena Johnson All Falls Down
90%
Song Jay-Z, J. Ivy Never Let Me Down
90%
Song N/A We Don't Care
90%
Song N/A Last Call
86%
Skit N/A Lil Jimmy
86%
Song Twista, Kanye, Jamie Foxx Slow Jamz
86%
Song Ludacris Breathe In Breathe Out
83%
Skit N/A Intro
83%
Song N/A Family Business
79%
Song N/A Jesus Walks
79%
Song N/A The New Workout Plan
79%
Skit N/A Graduation Day
76%
Song N/A School Spirit
76%
Skit N/A Workout Plan
76%
Song Talib Kweli, Common Get Em High
72%
Interlude N/A I'll Fly Away
72%
Skit N/A School Spirit (Skit 2)
62%
Skit N/A School Spirit (Skit 1)
59%
No matching quizzes found
Score Distribution
Percent of People with Each Score
Percentile by Number Answered
Your Score History
You have not taken this quiz